000 00245nam a22000977a 4500
999 _c11788
_d11788
008 200217b ||||| |||| 00| 0 eng d
020 _a0893755710
100 _aBains Rae
_97471
245 _aWonders of Rivers
260 _aUSA
_bTroll Associates
_c1982